| 000 | 00460nam a2200145Ia 4500 | ||
|---|---|---|---|
| 008 | 170221s9999 xx 000 0 und d | ||
| 100 | _aMaria Goncharova | ||
| 245 | _aPlanet Play: Designing A Game For Children To Promote Environmental Awareness. | ||
| 245 | _cMaria Goncharova | ||
| 260 | _bOnline Journal of Communication and Media Technologies | ||
| 260 | _c2015 | ||
| 650 | _xCommunication | ||
| 650 | _xMedia Arts | ||
| 856 | _uhttp://www.ojcmt.net/ | ||
| 999 |
_c309219 _d309219 |
||